000 00503nam a2200181Ia 4500
005 20250508152440.0
008 008 250505s9999 xx 000 0 eng d
037 _aTextual
040 _aFEDL
_beng
_cFEDL
041 _aeng
_2eng
084 _a350.54, ROY
_qFEDL
100 _aRoy Naresh Chandra
245 0 _aCivil service in India
260 _aCalcutta, India
_bFirma K. L. Mukhopadhyay
_c1958
300 _axx,328p.
942 _cTEXL
_h350.54, ROY
999 _c1336487
_d1336487